Estudio de prefactibilidad para la instalación de un local de apartamentos para estudiantes del IES-UNI proveniente del interior del país ubicado en el centro de Managua

Analiza desde el punto de vista de mercado, técnico y rentabilidad económica, la prefactibilidad de instalar un local de apartamentos para los estudiantes del IES-UNI que previenen del interior de Nicaragua, ubicado en el centro de Managua.

Bibliographic Details
Main Authors: Payán Useda, Johanella Elizabeth, Pantoja Padilla, Alexis Fernando
Other Authors: Tutor: López Artola, Fernando José
Format: Tesis Section = Libro
Language:Undetermined
Spanish
Published: Managua UNI 2004
Subjects:
LEADER 01386nam a2200301Ia 4500
008 240830s9999 xx 000 0 und d
040 |a BIBLIOTECA-RUPAP Mon 658.835 P343 
041 |a spa 
082 |a Mon 658.835 P343 
100 1 |a Payán Useda, Johanella Elizabeth 
100 1 |b Pantoja Padilla, Alexis Fernando 
245 1 0 |a Estudio de prefactibilidad para la instalación de un local de apartamentos para estudiantes del IES-UNI proveniente del interior del país ubicado en el centro de Managua 
260 |a Managua  |b UNI  |c 2004 
300 |a 156 p. :il. 
500 |a Contiene: anexos y glosarios. 
502 |a Tesis (Ingeniero de Sistemas)- UNI, 2004. 
520 3 |a Analiza desde el punto de vista de mercado, técnico y rentabilidad económica, la prefactibilidad de instalar un local de apartamentos para los estudiantes del IES-UNI que previenen del interior de Nicaragua, ubicado en el centro de Managua. 
650 7 |a ESTUDIO DE MERCADO - ALQUILER DE APARTAMENTOS - IES-UNI 
650 7 |b ANÁLISIS OFERTA Y DEMANDA 
650 7 |c ESTUDIO TÉCNICO - LOCALIZACIÓN DEL PROYECTO 
650 7 |d ESTRUCTURA ORGANIZACIONAL 
650 7 |e ESTUDIO ECONÓMICO Y FINANCIERO 
650 7 |f INGENIERÍA DE SOFTWARE 
650 7 |g ANÁLISIS Y DISEÑO DEL SISTEMA 
700 1 |a Tutor:  |b López Artola, Fernando José 
942 |c BK  |2 ddc 
991 |a TESIS 
999 |c 17688